| 000 -LEADER |
| fixed length control field |
00340nam a2200109 4500 |
| 082 ## - DEWEY DECIMAL CLASSIFICATION NUMBER |
| Classification number |
Z472x54 W/1989-90 |
| 100 ## - MAIN ENTRY--PERSONAL NAME |
| Personal name |
India. Directorate of Economics and Statistics |
| 9 (RLIN) |
1134 |
| 245 ## - TITLE STATEMENT |
| Title |
Agricultural wages in India: |
| Remainder of title |
1989-90 |
| Statement of responsibility, etc |
by Ministry of Agriculture |
| 260 ## - PUBLICATION, DISTRIBUTION, ETC. (IMPRINT) |
| Place of publication, distribution, etc |
Delhi |
| Name of publisher, distributor, etc |
Controller of Publications |
| Date of publication, distribution, etc |
1991 |
| 300 ## - PHYSICAL DESCRIPTION |
| Extent |
212p. |
| 942 ## - ADDED ENTRY ELEMENTS (KOHA) |
| Source of classification or shelving scheme |
|